000 00896nam a2200217 a 4500
001 000023247
005 20200930022103.0
008 101130s1996 pr a 001 0 spa d
040 _aDO-SdBNP
_bspa
_cBNPHU
082 _aPR862.09
_bP426c
100 1 _aPerales, Rosalina
_947880
245 1 0 _aCincuenta años de teatro Puertorriqueño :
_bel arte e Victoria Espinosa /
_cRosalina Perales ; ilustración de portada María Elena Perales.
246 1 0 _a50 años de teatro puertorriqueño
260 _a[Puerto Rico] :
_bEscenología, A.C.,
_c1996.
300 _a258 p. :
_bil. ;
_c20 cm.
500 _aIncluye referencias bibliográficas y notas al pie de las páginas.
504 _aBibliografías : p. 255-258
590 _aLa biblioteca posee 1 ejemplar autografiado por el autor.
650 4 _aTeatro puertorriqueño
_xHistoria
_ySIGLO XX
_947881
700 1 _aPerales, María Elena,
_eil.
_947882
999 _c22744
_d22744